000 00657nam a22001817a 4500
008 160116b xxu||||| |||| 00| 0 eng d
020 _a978-971-9617-81-5
082 _22016
_aDFil 623.4
_bR32
100 _912117
_aRevisa, William A.
245 _aLaboratory manual in forensic ballistics/
_cWilliam A. Revisa ...[and two others]
260 _aQuezon City :
_bWiseman's Books Trading,
_cc2016.
300 _aii, 26 pages :
_billustrations ;
_c27 cm.
650 0 _912118
_aFirearms
_xIdentification
_vManuals, handbooks, etc.
700 _912119
_aMagbojos, Roberto R.
700 _912120
_aCartin, Rowela G.
365 _b250.00
_cPhp
942 _2ddc
_cDFIL
999 _c3639
_d3639